01086cam a22002173i 4500001000700000003000900007005001700016008004100033040003300074100002600107245013800133260007400271300002900345596001900374597008400393651008300477752003300560852012400593999001900717952013200736155231ES-MaACL20250730153548.0021210m18551857xxka |||| | eng d aEUS bspa cEUS dCCPB | CAM1 aHelps, Arthur.96247614aThe Spanish Conquest in America b: and its relation to the history of slavery and to the covernment of colonies / cby Arthur Helps. aLondon : bJohn W. Parker and Son, c1855-1857 (fSavill and Edwards) a3 v. : bmap. ; c23 cm. 1aGrab. en port. 1aT.I. 1855 (XV, 528 p.) -- T.II. 1855 (VII, 526 p.) -- T. III 1857 (VII, 584 p.) 4aAmérica española-xHistoria-y1492-1600 (Descubrimiento y conquista)97724 aGran Bretaña - dLondrés aES-MaACLjG-13180-13182 z-- Enc. ed. en tela z-- El último t. lleva al final 8 p. con el catálogo de la editorial c155231d155231 001040708LIBXIXaATENEOMbATENEOMcSPP3d2008-01-17eSSCl0oG-13180-13182p1162380r2023-02-23 00:00:00w2023-02-23yMONANT